{"text_format":"1","workbook":"xlsx","n_sheets":1,"sheets":["inv_sumnistro_enero_2022_"],"not_rendered":{"charts":0,"images":2,"macros":0,"external_links":0,"defined_names":0,"comments":0,"pivot_tables":0},"unopened":[],"bounds":{"document_bytes":16777216,"sheet_cells":100000,"rows_first":2000,"rows_last":500,"rows_between":2000,"halvings":0,"cell_chars":16384,"cell_head_chars":4096},"cells_cut":0,"cells_raw":0,"read":"whole","date_system":"1900"}

{"sheet":"inv_sumnistro_enero_2022_","index":0,"n_rows":424,"n_cols":8,"rows_kept":424,"cut":false,"hidden":false,"merged":[[289,6,291,6],[289,7,291,7],[288,0,288,7],[286,0,286,7],[423,0,423,6],[289,0,291,0],[289,1,291,1],[289,2,291,2],[289,3,291,3],[289,4,291,4],[289,5,291,5],[158,5,160,5],[158,6,160,6],[158,7,160,7],[281,0,281,6],[285,0,285,7],[287,0,287,7],[5,7,7,7],[137,0,137,6],[154,0,154,7],[155,0,155,7],[156,0,156,7],[158,0,160,0],[158,1,160,1],[158,2,160,2],[158,3,160,3],[158,4,160,4],[0,0,0,7],[1,0,1,7],[2,0,2,7],[5,0,7,0],[5,1,7,1],[5,2,7,2],[5,3,7,3],[5,4,7,4],[5,5,7,5],[5,6,7,6]]}
["INSTITUTO DEL TABACO DE LA REPÚBLICA DOMINICANA"]
["INVENTARIO SUMINISTRO"]
["MES DE ENERO 2022"]
[]
[]
["Fecha de adquisión y/o registro","Artículo","Código Institucional","Descripción artículo","Existencia","Unidad","Costo","Valor"]
[]
[]
["2018-03-23","GENERAL ( 10 )","CART-BC1-3BK","CARTUCHO BC1-3BK",2,"UND",757.87199999999996,{"$f":"+G9*E9","v":1515.7439999999999}]
["2018-03-23","GENERAL ( 10 )","CARTUCH-HP-95","CARTUCHO HP-95 COLOR",4,"UND",1416,5664]
["2017-02-01","GENERAL ( 10 )","CINTA-001","CINTA ADHESIVA",14,"UNIDAD",77.998000000000005,1091.972]
["2018-03-23","GENERAL ( 10 )","MASKT-001","MASKING TAPE",2,"UND",45,90]
["2018-03-23","GENERAL ( 10 )","PAPE-CON-9 1/2X5 1/2","PAPEL CONTINUO 9 1/2 X 5 1/2 P. FACT.",4,"UNIDAD",601.69399999999996,2406.7759999999998]
["2018-03-23","GENERAL ( 10 )","PERFO-001","PERFORADORA DE 3 HOYOS",3,"UND",350,1050]
["2017-02-01","OTROS ( 5 )","AMBIEN 2","AMBIENTADOR 2",34,"UND",85.021439999999998,2890.7289599999999]
["2017-02-06","OTROS ( 5 )","BRILLO .V.","BRILLO VERDE",18,"UND",59.884999999999998,1077.93]
["2018-03-23","OTROS ( 5 )","C.D.C","CINTA DOBLE CARA",26,"UND",40,1040]
["2019-02-26","OTROS ( 5 )","CD,.","CUBIERTOS DES.",49,"PAQUET",32.121519999999997,1573.9544799999999]
["2018-03-23","OTROS ( 5 )","CREM","CREMORA",41,"UND",321.70497999999998,13189.90418]
["2018-03-23","OTROS ( 5 )","GRAPAS 3","GRAPAS 3/4",7,"CAJA",211.864,1483.048]
["2018-03-23","OTROS ( 5 )","LAN","LANILLA P/LIMPIAR",52,"UND",44.993400000000001,2339.6568000000002]
["2017-01-31","OTROS ( 5 )","LT,","LIBRETA TIMBRADA",165,"UND",197.65,32612.25]
["2018-02-21","OTROS ( 5 )","PDN6","PLATOS DESECH. N6",32,"PAQUET",52.037999999999997,1665.2159999999999]
["2019-02-26","OTROS ( 5 )","T.L210C","TINTA L210 CYAN",6,"UND",450.15557999999999,2700.9334799999997]
["2019-02-26","OTROS ( 5 )","T.S.2031","TONER SHARP 2031 C/CHIP",6,"UND",4669.4940299999998,28016.964179999999]
["2017-02-23","OTROS ( 5 )","TS.M.","TALON. SOLICITUD MATERIALES",44,"UND",150,6600]
["2017-03-31","SUMINISTROS ( 6 )","12","RESMA DE PAPEL8 1/2 X11",13,"RESMA",230.99680000000001,3002.9584]
["2019-02-26","SUMINISTROS ( 6 )","AZ.","AZUCAR",8,"SACOS",3512.39192,28099.13536]
["2017-04-24","SUMINISTROS ( 6 )","C.2","CLIP BILLETERO 51MM",41,"CAJA",171.01061999999999,7011.4354199999998]
["2017-02-07","SUMINISTROS ( 6 )","C.B 125MM","CLIP BILLETERO 125MM",1,"CAJA",74.267219999999995,74.267219999999995]
["2018-03-23","SUMINISTROS ( 6 )","C.E 890","CINTA EPSON 890",6,"UND",325.53845999999999,1953.2307599999999]
["2018-03-23","SUMINISTROS ( 6 )","CART. HP-94","CARTUCHO HP-98 (NUEVO)",4,"UND",923.78904999999997,3695.1561999999999]
["2017-04-24","SUMINISTROS ( 6 )","CARTUCHO HP-93","CARTUCHO HP-93 COLOR",3,"UND",1019.277,3057.8310000000001]
["2019-02-15","SUMINISTROS ( 6 )","CB 1.5","CLIP BILLETERO 41MM",5,"CAJA",134.03399999999999,670.17]
["2019-02-15","SUMINISTROS ( 6 )","CCF401","CARTUCHO LT HP-CF401A",3,"UND",2842.502,8527.5059999999994]
["2019-02-15","SUMINISTROS ( 6 )","CCF402","CARTUCHO LT HP-CF402A",3,"UND",2842.502,8527.5059999999994]
["2019-02-15","SUMINISTROS ( 6 )","CCF403","CARTUCHO LT HP-CF403A",3,"UND",2872.002,8616.0059999999994]
["2019-02-15","SUMINISTROS ( 6 )","CEPILLO P.","CEPILLO PARED",6,"UND",65.997399999999999,395.98439999999999]
["2019-02-15","SUMINISTROS ( 6 )","CHP96","CARTUCHO HP-96",14,"UND",2228.8220000000001,31203.508000000002]
["2019-02-15","SUMINISTROS ( 6 )","CHP97","CARTUCHO HP-97",10,"UND",2118.6314699999998,21186.314699999999]
["2006-12-31","SUMINISTROS ( 6 )","CINTA OKIDATA -320","CINTA OKIDATA -320",1,"UND",440,{"$f":"+G41*E41","v":440}]
["2019-02-15","SUMINISTROS ( 6 )","CINTA P/ CALCULADORA","CINTA P/ CALCULADORA ELEC.",5,"UND",56.002800000000001,280.01400000000001]
["2019-02-15","SUMINISTROS ( 6 )","CUC. DES.","CUCHARAS DES.",37,"PAQUET",31.99851,1183.94487]
["2017-02-01","SUMINISTROS ( 6 )","D","DETERGENTE",19,"UND",810.80577000000005,15405.309630000002]
["2017-02-01","SUMINISTROS ( 6 )","DES.","DESINFECTANTE",24,"GAL",211.38830999999999,5073.3194399999993]
["2017-02-07","SUMINISTROS ( 6 )","EG.","EGA",1,"GAL",769.99720000000002,769.99720000000002]
["2017-02-06","SUMINISTROS ( 6 )","ESC.","ESCOBA",2,"UND",184.98859999999999,369.97719999999998]
["2017-02-01","SUMINISTROS ( 6 )","F.M.E.","FORMULARIO EQUIPOS Y/O MOV.",11,"UND",188.8,2076.8000000000002]
["2017-02-01","SUMINISTROS ( 6 )","F30G","FUNDAS 30GLS.",48,"PAQUET",295,14160]
["2019-02-26","SUMINISTROS ( 6 )","FOR. ENT.INS. IMP.AG","FORMULARIO ENT. INSUM .IMPL. AGRICOLA",19,"UND",75,1425]
["2017-02-01","SUMINISTROS ( 6 )","FORMULARIO V. Y M.","FORMULARIO DE VISITAS Y MENSAJES",22,"UND",35,770]
["2018-02-21","SUMINISTROS ( 6 )","FUND. 55","FUNDAS 55 P/B.",44,"PAQUET",584.1,25700.400000000001]
["2018-02-21","SUMINISTROS ( 6 )","GG.","GUANTES GOMAS",18,"PAR",100.005,1800.09]
["2018-02-21","SUMINISTROS ( 6 )","GR26/6","GRAPAS 26/6",6,"CAJA",44.965789999999998,269.79473999999999]
["2017-02-07","SUMINISTROS ( 6 )","GRAPAS 1/4","GRPAS 1/4",3,"UNIDAD",108.8,326.39999999999998]
["2017-02-01","SUMINISTROS ( 6 )","GRAPAS 3/8","GRAPAS 3/8",2,"UNIDAD",254.28570999999999,508.57141999999999]
["2018-02-21","SUMINISTROS ( 6 )","GRAP-STAPLES","GRAPAS STAPLES HEAVY DUTY",3,"UNIDAD",450,1350]
["2017-01-31","SUMINISTROS ( 6 )","GRP/GG","GRAPAS P/GRAPADORA G.",9,"UND",54.9998,494.9982]
["2018-03-20","SUMINISTROS ( 6 )","LIQUI-001","CORRECTOR LIQUIDO",12,"UND",57.942489999999999,695.30988000000002]
["2019-02-26","SUMINISTROS ( 6 )","LLM","JABON LIQ.P/MANOS",176,"UND",211.548,37232.448000000004]
["2019-02-26","SUMINISTROS ( 6 )","MPP.","MARCADOR P/PIZ.AZUL",17,"UND",34.998800000000003,594.9796]
["2019-02-26","SUMINISTROS ( 6 )","P.TP/M","PAPEL TOALLA P/MANO",165,"UND",120.83199999999999,19937.28]
["2019-02-26","SUMINISTROS ( 6 )","PAPEL J.","PAPEL JUMBO",75,"UND",59.214829999999999,4441.1122500000001]
["2017-01-26","SUMINISTROS ( 6 )","PC4C","PAPEL CONT. 9 1/2 X 11 4C.",14,"CAJA",1581.92085,22146.891899999999]
["2017-02-01","SUMINISTROS ( 6 )","PLATOS N9","PLATOS DES. N9",21,"PAQUET",59.118000000000002,1241.4780000000001]
["2017-01-31","SUMINISTROS ( 6 )","PP/B","PASTILLA PERF. P/B",99,"UND",40.993200000000002,4058.3268000000003]
["2017-09-26","SUMINISTROS ( 6 )","ROLL","ROLLO PAPEL 2-1/4 SUMADORA",16,"UND",17,272]
["2018-03-26","SUMINISTROS ( 6 )","RTR","ROLON TINTA ROJA",2,"UND",84.75,169.5]
["2017-02-01","SUMINISTROS ( 6 )","SUM-AZU","LAPICEROS AZUL",19,"UND",13.275,252.22499999999999]
["2019-02-26","SUMINISTROS ( 6 )","SUM-BRI G.","BRILLO GORDO",14,"UND",15.34,214.76]
["2017-05-08","SUMINISTROS ( 6 )","SUM-CAF","CAFE",175,"LIBRA",248.75050999999999,43531.339249999997]
["2018-02-21","SUMINISTROS ( 6 )","SUM-CARP.GRAN.","CARPETA GRANDE 3 HOYOS",4,"UND",299.99990000000003,1199.9996000000001]
["2017-01-23","SUMINISTROS ( 6 )","SUM-CART.HP-60 C.","CARTUCHO HP-60 COLOR",1,"UND",860.38856999999996,{"$f":"+G73*E73","v":860.38856999999996}]
["2018-05-11","SUMINISTROS ( 6 )","SUM-CCCH","COMPROBANTE DE CAJA CHICA",135,"UND",32.690730000000002,4413.2485500000003]
["2017-02-01","SUMINISTROS ( 6 )","SUM-CEPIPLAS","CEPILLO PARA INODORO",9,"UND",112.97320000000001,1016.7588000000001]
["2018-05-11","SUMINISTROS ( 6 )","SUM-CH","CHINCHETAS",8,"UNIDAD",50,400]
["2018-05-11","SUMINISTROS ( 6 )","SUM-CLI","CLIP JUMBO",4,"UND",48.002400000000002,192.00960000000001]
["2017-01-26","SUMINISTROS ( 6 )","SUM-CLIP MAR.","CLIP MARIPOSA",33,"CAJA",150,4950]
["2019-02-26","SUMINISTROS ( 6 )","SUM-CLO","CLORO",36,"GAL",114.991,4139.6760000000004]
["2018-03-23","SUMINISTROS ( 6 )","SUM-ETF","ETIQUETA PARA FOLDERS",12,"UND",89.3142,1071.7703999999999]
["2017-01-26","SUMINISTROS ( 6 )","SUM-FAR","FAROLA",9,"UND",88.5,796.5]
["2019-02-26","SUMINISTROS ( 6 )","SUM-FELN","FELPAS NEGRAS",16,"UND",35.4,566.4]
["2019-02-26","SUMINISTROS ( 6 )","SUM-FGD","FOLDER DE GAVETA DOBLE",22,"UND",23.813980000000001,523.90755999999999]
["2019-02-26","SUMINISTROS ( 6 )","SUM-FINANC","FOLDERS FINANCIERO",135,"UND",44.730730000000001,6038.6485499999999]
["2018-03-23","SUMINISTROS ( 6 )","SUM-FOL11","FOLDER 8 1/2 X11",483,"UND",3.2450000000000001,1567.335]
["2018-03-23","SUMINISTROS ( 6 )","SUM-FOL14","FOLDER 8 1/2 14",643,"UND",4.1500000000000004,2668.4500000000003]
["2019-02-26","SUMINISTROS ( 6 )","SUM-FUN17","FUNDAS17/22",44,"PAQUET",98.542550000000006,4335.8721999999998]
["2018-03-23","SUMINISTROS ( 6 )","SUM-GMH","GANCHOS M/H",9,"UNIDAD",109.9996,989.99639999999999]
["2019-02-26","SUMINISTROS ( 6 )","SUM-GOM","GOMITAS",11,"CAJA",29.9956,329.95159999999998]
["2017-02-01","SUMINISTROS ( 6 )","SUM-JB. AZ.","JABON AZULITO",173,"UND",35.444850000000002,6131.9590500000004]
["2006-12-31","SUMINISTROS ( 6 )","SUM-LAP.N.","LAPICERO NEGRO",394,"UND",10.17084,4007.3109600000003]
["2006-12-31","SUMINISTROS ( 6 )","SUM-LAPIRO","LAPICERO ROJO",13,"UND",7.73224,100.51912]
["2017-01-26","SUMINISTROS ( 6 )","SUM-LCAR","LAPIZ",316,"UND",12.722329999999999,4020.2562799999996]
["2017-01-26","SUMINISTROS ( 6 )","SUM-MAR","MARCADORES",4,"UND",23.260660000000001,93.042640000000006]
["2019-02-26","SUMINISTROS ( 6 )","SUM-POC","PORTA CLIP",2,"UND",44.078949999999999,88.157899999999998]
["2018-03-23","SUMINISTROS ( 6 )","SUM-RECBA","RECOGEDOR DE BASURA",2,"UND",129.80000000000001,259.60000000000002]
["2019-02-26","SUMINISTROS ( 6 )","SUM-RPT","RESMA PAPEL TIMBRADO",5,"RESMA",2137.4857099999999,10687.428550000001]
["2018-03-23","SUMINISTROS ( 6 )","SUM-RPX14","RESMA DE PAPEL 81/2X14",47,"RESMA",250.75,11785.25]
["2018-03-23","SUMINISTROS ( 6 )","SUM-SAP","SACA PUNTA",2,"UND",14.9978,29.9956]
["2018-03-23","SUMINISTROS ( 6 )","SUM-SER","SERVILLETAS",42,"PAQUET",112.985,4745.37]
["2018-03-23","SUMINISTROS ( 6 )","SUM-SO","SOBRES BLANCOS",184,"UND",1.45,266.8]
["2018-03-23","SUMINISTROS ( 6 )","SUM-STIM","SOBRES TIMBRADOS",835,"UND",10.2424,8552.4040000000005]
["2018-03-23","SUMINISTROS ( 6 )","SUM-SUAP","SUAPER",16,"UND",158.9932,2543.8912]
["2017-01-26","SUMINISTROS ( 6 )","SUM-TAL.ORD. DESP.","TALONARIO ORDEN DE DESPACHO.",252,"UND",200.59612000000001,50550.222240000003]
["2017-01-26","SUMINISTROS ( 6 )","SUM-TALEM","TALONARIO ENT. DE MATERIALES",240,"UND",57.3232,{"$f":"+G105*E105","v":13757.567999999999}]
["2017-01-26","SUMINISTROS ( 6 )","SUM-TBLL","TABLILLAS",1,"UND",84.995400000000004,84.995400000000004]
["2017-01-26","SUMINISTROS ( 6 )","SUM-TCR","TALONARIO CONTROL DE RECEPCION",76,"UND",53.398060000000001,4058.2525599999999]
["2017-01-26","SUMINISTROS ( 6 )","SUM-TCS","TALONARIO CONTROL DE SEMILLAS",63,"UND",72.55753,4571.1243899999999]
["2017-01-26","SUMINISTROS ( 6 )","SUM-TLCAGR","TALONARIO CONTROL AGROQUIMICO",89,"UND",218.81944999999999,19474.931049999999]
["2017-01-26","SUMINISTROS ( 6 )","SUM-TRP","TALONARIO RECIBO PROVISIONAL",43,"UND",133.95359999999999,5760.0047999999997]
["2017-01-26","SUMINISTROS ( 6 )","SUM-VAS","VASOS #10",150,"PAQUET",83.78,12567]
["2017-01-26","SUMINISTROS ( 6 )","T,MAG.","TINTA BT 5001 MAGENTA",4,"UND",413,1652]
["2017-01-26","SUMINISTROS ( 6 )","T.5001","TINTA BT 5001 CYAN",4,"UND",413,1652]
["2017-01-26","SUMINISTROS ( 6 )","T.BT.","TINTA BT D60BK",5,"UND",590,2950]
["2017-01-26","SUMINISTROS ( 6 )","T.Y,","TINTA BT 5001 YELLOW",4,"UND",413,1652]
["2017-01-26","SUMINISTROS ( 6 )","TA","TINTA AZUL P/S",3,"POTE",38,114]
["2017-01-26","SUMINISTROS ( 6 )","TALON.PERS.NOM.","TALONARIO PERSONAL NOMINAL",4,"UND",95,380]
["2017-01-26","SUMINISTROS ( 6 )","TALONARIO SOL. C.C.","TALONARIO SOLICITUD CAJA CHICA",53,"UND",32.690759999999997,1732.6102799999999]
["2017-01-26","SUMINISTROS ( 6 )","TB,","TINTA 664 BLACK",3,"UND",649,1947]
["2019-02-15","SUMINISTROS ( 6 )","TB,.","TINTA 664 Y.",5,"UND",649,3245]
["2019-02-15","SUMINISTROS ( 6 )","TB.","TINTA 664 CYAN",7,"UND",590,4130]
["2017-01-26","SUMINISTROS ( 6 )","TB664","TINTA 664 MAG.",6,"UND",590,3540]
["2019-02-15","SUMINISTROS ( 6 )","TCVP","TALON.CONTROL VISITAS A PROD.",46,"UND",55,2530]
["2019-02-15","SUMINISTROS ( 6 )","TE504C","TINTA  504 CYAN",14,"UND",627.79706999999996,8789.1589800000002]
["2019-02-15","SUMINISTROS ( 6 )","TE504M","TINTA  504 M.",10,"UND",563.74067000000002,5637.4067000000005]
["2019-02-15","SUMINISTROS ( 6 )","TE504Y","TINTA  504 Y.",15,"UND",561.38959999999997,8420.8439999999991]
["2019-02-15","SUMINISTROS ( 6 )","TEL200C","TINTA EPSON L200 CYAN",5,"UND",615.00419999999997,3075.0209999999997]
["2019-02-15","SUMINISTROS ( 6 )","TEL200M","TINTA EPSON L200 MAG.",6,"UND",615.00419999999997,3690.0252]
["2019-02-15","SUMINISTROS ( 6 )","TEL200Y","TINTA EPSON L200 YELLOW",5,"UND",615.00419999999997,3075.0209999999997]
["2019-02-15","SUMINISTROS ( 6 )","TET504","TINTA  504 BLACK",3,"UND",631.64706000000001,1894.94118]
["2019-02-15","SUMINISTROS ( 6 )","TODC.","TALONARIO ORDEN DESP. COMB.",126,"UND",74.2,9349.2000000000007]
["2019-02-15","SUMINISTROS ( 6 )","TP/C","TOALLA P/COCINA",18,"UND",84.804180000000002,1526.47524]
["2019-02-15","SUMINISTROS ( 6 )","TRCA","TINTA RIAL C. AZUL",1,"UND",300.00319999999999,300.00319999999999]
["2019-02-15","SUMINISTROS ( 6 )","TRCA,","TINTA RIAL C. AMARILLA",1,"UND",300.00319999999999,300.00319999999999]
["2019-02-15","SUMINISTROS ( 6 )","TRCR","TINTA RIAL C. ROJO",2,"UND",300.00319999999999,600.00639999999999]
["2019-02-15","SUMINISTROS ( 6 )","VASOS #7","VASOS #7",150,"PAQUET",74.235950000000003,11135.3925]
["2019-02-15","SUMINISTROS ( 6 )","VN5","VASOS N. 5",114,"PAQUET",92.877799999999993,{"$f":"+G137*E137","v":10588.0692}]
["TOTAL",null,null,null,null,null,null,{"$f":"SUM(H9:H137)","v":734325.52957000001}]
[]
[]
[]
[]
[]
[]
[]
[]
[]
[]
[]
[]
[]
[]
[]
[]
["INSTITUTO DEL TABACO DE LA REPÚBLICA DOMINICANA"]
["INVENTARIO SUMINISTRO"]
["MES DE FEBRERO 2022"]
[]
["Fecha de adquisión y/o registro","Artículo","Código Institucional","Descripción artículo","Existencia","Unidad","Costo","Valor"]
[]
[]
["2018-03-23","GENERAL ( 10 )","CART-BC1-3BK","CARTUCHO BC1-3BK",2,"UND",757.87199999999996,{"$f":"+G162*E162","v":1515.7439999999999}]
["2018-03-23","GENERAL ( 10 )","CARTUCH-HP-95","CARTUCHO HP-95 COLOR",4,"UND",1416,5664]
["2017-02-01","GENERAL ( 10 )","CINTA-001","CINTA ADHESIVA",5,"UNIDAD",77.998000000000005,389.99]
["2018-03-23","GENERAL ( 10 )","PAPE-CON-9 1/2X5 1/2","PAPEL CONTINUO 9 1/2 X 5 1/2 P. FACT.",4,"UNIDAD",601.69399999999996,2406.7759999999998]
["2018-03-23","GENERAL ( 10 )","PERFO-001","PERFORADORA DE 3 HOYOS",2,"UND",350,700]
["2018-03-23","OTROS ( 5 )","AMBIEN 2","AMBIENTADOR 2",24,"UND",85.021439999999998,2040.5145600000001]
["2017-02-01","OTROS ( 5 )","BRILLO .V.","BRILLO VERDE",16,"UND",59.884999999999998,958.16]
["2017-02-06","OTROS ( 5 )","C.D.C","CINTA DOBLE CARA ",24,"UND",40,960]
["2018-03-23","OTROS ( 5 )","CD,.","CUBIERTOS DES.",45,"PAQUET",32.121519999999997,1445.4683999999997]
["2019-02-26","OTROS ( 5 )","CREM","CREMORA",4,"UND",321.70497999999998,1286.8199199999999]
["2018-03-23","OTROS ( 5 )","GRAPAS 3","GRAPAS 3/4",7,"CAJA",211.864,1483.048]
["2018-03-23","OTROS ( 5 )","LAN","LANILLA P/LIMPIAR",43,"UND",44.993400000000001,1934.7162000000001]
["2018-03-23","OTROS ( 5 )","LT,","LIBRETA TIMBRADA",135,"UND",197.65,26682.75]
["2017-01-31","OTROS ( 5 )","PDN6","PLATOS DESECH. N6",30,"PAQUET",52.037999999999997,1561.1399999999999]
["2018-02-21","OTROS ( 5 )","T.L210C","TINTA L210 CYAN",6,"UND",450.15557999999999,2700.9334799999997]
["2019-02-26","OTROS ( 5 )","T.S.2031","TONER SHARP 2031 C/CHIP",6,"UND",4669.4940299999998,28016.964179999999]
["2019-02-26","OTROS ( 5 )","TS.M.","TALON. SOLICITUD MATERIALES",41,"UND",150,6150]
["2017-02-23","SUMINISTROS ( 6 )","AZ.","AZUCAR",6,"SACOS",3512.39192,21074.35152]
["2017-03-31","SUMINISTROS ( 6 )","C.2","CLIP BILLETERO 51MM",41,"CAJA",171.01061999999999,7011.4354199999998]
["2019-02-26","SUMINISTROS ( 6 )","C.E 890","CINTA EPSON 890",5,"UND",325.53845999999999,1627.6922999999999]
["2017-04-24","SUMINISTROS ( 6 )","CART. HP-94","CARTUCHO HP-98 (NUEVO)",4,"UND",923.78904999999997,3695.1561999999999]
["2017-02-07","SUMINISTROS ( 6 )","CARTUCHO HP-93","CARTUCHO HP-93 COLOR",3,"UND",1019.277,3057.8310000000001]
["2018-03-23","SUMINISTROS ( 6 )","CB 1.5","CLIP BILLETERO 41MM",5,"CAJA",134.03399999999999,670.17]
["2018-03-23","SUMINISTROS ( 6 )","CCF401","CARTUCHO LT HP-CF401A",3,"UND",2842.502,8527.5059999999994]
["2017-04-24","SUMINISTROS ( 6 )","CCF402","CARTUCHO LT HP-CF402A",3,"UND",2842.502,8527.5059999999994]
["2019-02-15","SUMINISTROS ( 6 )","CCF403","CARTUCHO LT HP-CF403A",3,"UND",2872.002,8616.0059999999994]
["2019-02-15","SUMINISTROS ( 6 )","CEPILLO P.","CEPILLO PARED",6,"UND",65.997399999999999,395.98439999999999]
["2019-02-15","SUMINISTROS ( 6 )","CHP96","CARTUCHO HP-96",14,"UND",2228.8220000000001,31203.508000000002]
["2019-02-15","SUMINISTROS ( 6 )","CHP97","CARTUCHO HP-97",10,"UND",2118.6314699999998,21186.314699999999]
["2019-02-15","SUMINISTROS ( 6 )","CINTA OKIDATA -320","CINTA OKIDATA -320",1,"UND",440,440]
["2019-02-15","SUMINISTROS ( 6 )","CINTA P/ CALCULADORA","CINTA P/ CALCULADORA ELEC.",5,"UND",56.002800000000001,280.01400000000001]
["2019-02-15","SUMINISTROS ( 6 )","CUC. DES.","CUCHARAS DES.",24,"PAQUET",31.99851,767.96424000000002]
["2006-12-31","SUMINISTROS ( 6 )","D","DETERGENTE",19,"UND",810.80577000000005,{"$f":"+G194*E194","v":15405.309630000002}]
["2019-02-15","SUMINISTROS ( 6 )","F.M.E.","FORMULARIO EQUIPOS Y/O MOV.",11,"UND",188.8,2076.8000000000002]
["2019-02-15","SUMINISTROS ( 6 )","F30G","FUNDAS 30GLS.",45,"PAQUET",295,13275]
["2017-02-01","SUMINISTROS ( 6 )","FOR. ENT.INS. IMP.AG","FORMULARIO ENT. INSUM .IMPL. AGRICOLA ",19,"UND",75,1425]
["2017-02-01","SUMINISTROS ( 6 )","FORMULARIO V. Y M.","FORMULARIO DE VISITAS Y MENSAJES",22,"UND",35,770]
["2017-02-07","SUMINISTROS ( 6 )","FUND. 55","FUNDAS 55 P/B.",41,"PAQUET",584.1,23948.100000000002]
["2017-02-06","SUMINISTROS ( 6 )","GG.","GUANTES GOMAS",13,"PAR",100.005,1300.0650000000001]
["2017-02-01","SUMINISTROS ( 6 )","GR26/6","GRAPAS 26/6",5,"CAJA",44.965789999999998,224.82894999999999]
["2017-02-01","SUMINISTROS ( 6 )","GRAPAS 1/4","GRPAS 1/4",3,"UNIDAD",108.8,326.39999999999998]
["2019-02-26","SUMINISTROS ( 6 )","GRAPAS 3/8","GRAPAS 3/8",2,"UNIDAD",254.28570999999999,508.57141999999999]
["2017-02-01","SUMINISTROS ( 6 )","GRAP-STAPLES","GRAPAS STAPLES HEAVY DUTY",3,"UNIDAD",450,1350]
["2018-02-21","SUMINISTROS ( 6 )","GS23/10","GRAPAS STAPLES 23/10",9,"CAJA",54.9998,494.9982]
["2018-02-21","SUMINISTROS ( 6 )","LIQUI-001","CORRECTOR LIQUIDO",7,"UND",57.942489999999999,405.59742999999997]
["2018-02-21","SUMINISTROS ( 6 )","LLM","JABON LIQ.P/MANOS",172,"UND",211.548,36386.256000000001]
["2017-02-07","SUMINISTROS ( 6 )","MPP.","MARCADOR P/PIZ.AZUL",16,"UND",34.998800000000003,559.98080000000004]
["2017-02-01","SUMINISTROS ( 6 )","P.TP/M","PAPEL TOALLA P/MANO",379,"UND",156.8407,59442.6253]
["2018-02-21","SUMINISTROS ( 6 )","PAPEL J.","PAPEL JUMBO",528,"UND",56.162140000000001,29653.609919999999]
["2017-01-31","SUMINISTROS ( 6 )","PC4C","PAPEL CONT. 9 1/2 X 11 4C.",13,"CAJA",1581.92085,20564.97105]
["2018-03-20","SUMINISTROS ( 6 )","PLATOS N9","PLATOS DES. N9",12,"PAQUET",59.118000000000002,709.41600000000005]
["2019-02-26","SUMINISTROS ( 6 )","PP/B","PASTILLA PERF. P/B",86,"UND",40.993200000000002,3525.4152000000004]
["2019-02-26","SUMINISTROS ( 6 )","ROLL","ROLLO PAPEL 2-1/4 SUMADORA",16,"UND",17,272]
["2019-02-26","SUMINISTROS ( 6 )","RTR","ROLON TINTA ROJA",2,"UND",84.75,169.5]
["2019-02-26","SUMINISTROS ( 6 )","SUM-AZU","LAPICEROS AZUL",1,"UND",13.275,13.275]
["2017-01-26","SUMINISTROS ( 6 )","SUM-BRI G.","BRILLO GORDO",12,"UND",15.34,184.07999999999998]
["2017-02-01","SUMINISTROS ( 6 )","SUM-CAF","CAFE",87,"LIBRA",248.75050999999999,21641.29437]
["2017-01-31","SUMINISTROS ( 6 )","SUM-CARP.GRAN.","CARPETA GRANDE 3 HOYOS",4,"UND",299.99990000000003,1199.9996000000001]
["2017-09-26","SUMINISTROS ( 6 )","SUM-CART.HP-60 C.","CARTUCHO HP-60 COLOR",1,"UND",860.38856999999996,860.38856999999996]
["2018-03-26","SUMINISTROS ( 6 )","SUM-CCCH","COMPROBANTE DE CAJA CHICA",135,"UND",32.690730000000002,4413.2485500000003]
["2017-02-01","SUMINISTROS ( 6 )","SUM-CEPIPLAS","CEPILLO PARA INODORO",9,"UND",112.97320000000001,1016.7588000000001]
["2019-02-26","SUMINISTROS ( 6 )","SUM-CH","CHINCHETAS",8,"UNIDAD",50,400]
["2017-05-08","SUMINISTROS ( 6 )","SUM-CLI","CLIP JUMBO",2,"UND",48.002400000000002,96.004800000000003]
["2018-02-21","SUMINISTROS ( 6 )","SUM-CLIP MAR.","CLIP MARIPOSA",33,"CAJA",150,4950]
["2017-01-23","SUMINISTROS ( 6 )","SUM-CLO","CLORO",24,"GAL",114.991,{"$f":"+G226*E226","v":2759.7840000000001}]
["2018-05-11","SUMINISTROS ( 6 )","SUM-ETF","ETIQUETA PARA FOLDERS",12,"UND",89.3142,1071.7703999999999]
["2017-02-01","SUMINISTROS ( 6 )","SUM-FAR","FAROLA",8,"UND",88.5,708]
["2018-05-11","SUMINISTROS ( 6 )","SUM-FELN","FELPAS NEGRAS",15,"UND",35.4,531]
["2018-05-11","SUMINISTROS ( 6 )","SUM-FGD","FOLDER C/ BOLSILLO",17,"UND",23.813980000000001,404.83766000000003]
["2017-01-26","SUMINISTROS ( 6 )","SUM-FINANC","FOLDERS FINANCIERO",134,"UND",44.730730000000001,5993.9178200000006]
["2019-02-26","SUMINISTROS ( 6 )","SUM-FOL11","FOLDER 8 1/2 X11",242,"UND",3.2450000000000001,785.29000000000008]
["2018-03-23","SUMINISTROS ( 6 )","SUM-FOL14","FOLDER 8 1/2 14",630,"UND",4.1500000000000004,2614.5]
["2017-01-26","SUMINISTROS ( 6 )","SUM-FUN17","FUNDAS17/22",40,"PAQUET",98.542550000000006,3941.7020000000002]
["2019-02-26","SUMINISTROS ( 6 )","SUM-GMH","GANCHOS M/H",9,"UNIDAD",109.9996,989.99639999999999]
["2019-02-26","SUMINISTROS ( 6 )","SUM-GOM","GOMITAS",8,"CAJA",29.9956,239.9648]
["2019-02-26","SUMINISTROS ( 6 )","SUM-JB. AZ.","JABON AZULITO",160,"UND",35.444850000000002,5671.1760000000004]
["2018-03-23","SUMINISTROS ( 6 )","SUM-LAP.N.","LAPICERO NEGRO ",370,"UND",10.17084,3763.2107999999998]
["2018-03-23","SUMINISTROS ( 6 )","SUM-LAPIRO","LAPICERO ROJO",13,"UND",7.73224,100.51912]
["2019-02-26","SUMINISTROS ( 6 )","SUM-LCAR","LAPIZ",297,"UND",12.722329999999999,3778.5320099999999]
["2018-03-23","SUMINISTROS ( 6 )","SUM-POC","PORTA CLIP",2,"UND",44.078949999999999,88.157899999999998]
["2019-02-26","SUMINISTROS ( 6 )","SUM-RECBA","RECOGEDOR DE BASURA",2,"UND",129.80000000000001,259.60000000000002]
["2017-02-01","SUMINISTROS ( 6 )","SUM-RPT","RESMA PAPEL TIMBRADO",4,"RESMA",2137.4857099999999,8549.9428399999997]
["2006-12-31","SUMINISTROS ( 6 )","SUM-RPX14","RESMA DE PAPEL 81/2X14",45,"RESMA",250.75,11283.75]
["2006-12-31","SUMINISTROS ( 6 )","SUM-SAP","SACA PUNTA",2,"UND",14.9978,29.9956]
["2017-01-26","SUMINISTROS ( 6 )","SUM-SER","SERVILLETAS",86,"PAQUET",99.307940000000002,8540.4828400000006]
["2017-01-26","SUMINISTROS ( 6 )","SUM-SO","SOBRES BLANCOS",152,"UND",1.45,220.4]
["2019-02-26","SUMINISTROS ( 6 )","SUM-STIM","SOBRES TIMBRADOS",811,"UND",10.2424,8306.5864000000001]
["2018-03-23","SUMINISTROS ( 6 )","SUM-SUAP","SUAPER",11,"UND",158.9932,1748.9252000000001]
["2019-02-26","SUMINISTROS ( 6 )","SUM-TAL.ORD. DESP.","TALONARIO ORDEN DE DESPACHO.",247,"UND",200.59612000000001,49547.24164]
["2018-03-23","SUMINISTROS ( 6 )","SUM-TALEM","TALONARIO ENT. DE MATERIALES",235,"UND",57.3232,13470.951999999999]
["2018-03-23","SUMINISTROS ( 6 )","SUM-TCR","TALONARIO CONTROL DE RECEPCION",76,"UND",53.398060000000001,4058.2525599999999]
["2018-03-23","SUMINISTROS ( 6 )","SUM-TCS","TALONARIO CONTROL DE SEMILLAS",63,"UND",72.55753,4571.1243899999999]
["2018-03-23","SUMINISTROS ( 6 )","SUM-TLCAGR","TALONARIO CONTROL AGROQUIMICO",83,"UND",218.81944999999999,18162.014349999998]
["2018-03-23","SUMINISTROS ( 6 )","SUM-TRP","TALONARIO RECIBO PROVISIONAL",43,"UND",133.95359999999999,5760.0047999999997]
["2018-03-23","SUMINISTROS ( 6 )","SUM-VAS","VASOS #10",150,"PAQUET",83.78,12567]
["2017-01-26","SUMINISTROS ( 6 )","T,MAG.","TINTA BT 5001 MAGENTA",4,"UND",413,1652]
["2017-01-26","SUMINISTROS ( 6 )","T.5001","TINTA BT 5001 CYAN",4,"UND",413,{"$f":"+G258*E258","v":1652}]
["2017-01-26","SUMINISTROS ( 6 )","T.BT.","TINTA BT D60BK",5,"UND",590,2950]
["2017-01-26","SUMINISTROS ( 6 )","T.Y,","TINTA BT 5001 YELLOW",4,"UND",413,1652]
["2017-01-26","SUMINISTROS ( 6 )","TA","TINTA AZUL P/S",3,"POTE",38,114]
["2017-01-26","SUMINISTROS ( 6 )","TALON.PERS.NOM.","TALONARIO PERSONAL NOMINAL",4,"UND",95,380]
["2017-01-26","SUMINISTROS ( 6 )","TALONARIO SOL. C.C.","TALONARIO SOLICITUD CAJA CHICA",53,"UND",32.690759999999997,1732.6102799999999]
["2017-01-26","SUMINISTROS ( 6 )","TB,","TINTA 664 BLACK",2,"UND",649,1298]
["2017-01-26","SUMINISTROS ( 6 )","TB,.","TINTA 664 Y.",5,"UND",649,3245]
["2017-01-26","SUMINISTROS ( 6 )","TB.","TINTA 664 CYAN",7,"UND",590,4130]
["2017-01-26","SUMINISTROS ( 6 )","TB664","TINTA 664 MAG.",6,"UND",590,3540]
["2017-01-26","SUMINISTROS ( 6 )","TCVP","TALON.CONTROL VISITAS A PROD.",46,"UND",55,2530]
["2017-01-26","SUMINISTROS ( 6 )","TE504C","TINTA  504 CYAN",13,"UND",627.79706999999996,8161.3619099999996]
["2017-01-26","SUMINISTROS ( 6 )","TE504M","TINTA  504 M.",10,"UND",563.74067000000002,5637.4067000000005]
["2017-01-26","SUMINISTROS ( 6 )","TE504Y","TINTA  504 Y.",15,"UND",561.38959999999997,8420.8439999999991]
["2017-01-26","SUMINISTROS ( 6 )","TEL200C","TINTA EPSON L200 CYAN",4,"UND",615.00419999999997,2460.0167999999999]
["2019-02-15","SUMINISTROS ( 6 )","TEL200M","TINTA EPSON L200 MAG.",5,"UND",615.00419999999997,3075.0209999999997]
["2019-02-15","SUMINISTROS ( 6 )","TEL200Y","TINTA EPSON L200 YELLOW",4,"UND",615.00419999999997,2460.0167999999999]
["2017-01-26","SUMINISTROS ( 6 )","TODC.","TALONARIO ORDEN DESP. COMB.",126,"UND",74.2,9349.2000000000007]
["2019-02-15","SUMINISTROS ( 6 )","TP/C","TOALLA P/COCINA",18,"UND",84.804180000000002,1526.47524]
["2019-02-15","SUMINISTROS ( 6 )","TRCA","TINTA RIAL C. AZUL",1,"UND",300.00319999999999,300.00319999999999]
["2019-02-15","SUMINISTROS ( 6 )","TRCA,","TINTA RIAL C. AMARILLA",1,"UND",300.00319999999999,300.00319999999999]
["2019-02-15","SUMINISTROS ( 6 )","TRCR","TINTA RIAL C. ROJO",2,"UND",300.00319999999999,600.00639999999999]
["2019-02-15","SUMINISTROS ( 6 )","VASOS #7","VASOS #7",127,"PAQUET",74.235950000000003,9427.9656500000001]
["2019-02-15","SUMINISTROS ( 6 )","VN5","VASOS N. 5",89,"PAQUET",92.877799999999993,8266.1242000000002]
["TOTAL",null,null,null,null,null,null,{"$f":"SUM(H162:H281)","v":715926.6460200001}]
[]
[]
[]
["INSTITUTO DEL TABACO DE LA REP. DOM."]
["INVENTARIO SUMINISTRO"]
["MES DE MARZO 2022"]
[]
["Fecha de adquisión y/o registro","Artículo","Código Institucional","Descripción artículo","Existencia","Unidad","Costo","Valor"]
[]
[]
["2018-03-23","SUMINISTROS","GENERAL ( 10 )","CART-BC1-3BK",2,"UND",757.87199999999996,{"$f":"+G293*E293","v":1515.7439999999999}]
["2018-03-23","SUMINISTROS","GENERAL ( 10 )","CARTUCH-HP-95",4,"UND",1416,5664]
["2017-02-01","SUMINISTROS","GENERAL ( 10 )","MASKT-001",60,"UND",34.99,2099.4]
["2018-03-23","SUMINISTROS","GENERAL ( 10 )","PAPE-CON-9 1/2X5 1/2",4,"UNIDAD",601.69399999999996,2406.7759999999998]
["2018-03-23","SUMINISTROS","GENERAL ( 10 )","PERFO-001",2,"UND",350,700]
["2018-03-23","SUMINISTROS","OTROS ( 5 )","AMBIEN 2",74,"UND",96.338890000000006,7129.0778600000003]
["2017-02-01","SUMINISTROS","OTROS ( 5 )","BRILLO .V.",15,"UND",59.884999999999998,898.27499999999998]
["2017-02-06","SUMINISTROS","OTROS ( 5 )","C.D.C",23,"UND",40,920]
["2018-03-23","SUMINISTROS","OTROS ( 5 )","CD,.",40,"PAQUET",32.121519999999997,1284.8607999999999]
["2019-02-26","SUMINISTROS","OTROS ( 5 )","CREM",39,"UND",348.65253999999999,13597.449059999999]
["2018-03-23","SUMINISTROS","OTROS ( 5 )","GRAPAS 3",7,"CAJA",211.864,1483.048]
["2018-03-23","SUMINISTROS","OTROS ( 5 )","LAN",87,"UND",114.14399,9930.5271300000004]
["2018-03-23","SUMINISTROS","OTROS ( 5 )","LI.C.",23,"POTE",111.29347,2559.7498099999998]
["2017-01-31","SUMINISTROS","OTROS ( 5 )","LT,",122,"UND",197.65,24113.3]
["2018-02-21","SUMINISTROS","OTROS ( 5 )","PDN6",24,"PAQUET",52.037999999999997,1248.9119999999998]
["2019-02-26","SUMINISTROS","OTROS ( 5 )","T.L210C",6,"UND",450.15557999999999,2700.9334799999997]
["2019-02-26","SUMINISTROS","OTROS ( 5 )","T.S.2031",6,"UND",4669.4940299999998,28016.964179999999]
["2017-02-23","SUMINISTROS","OTROS ( 5 )","TS.M.",36,"UND",150,5400]
["2017-03-31","SUMINISTROS","SUMINISTROS ( 6 )","3X3",40,"UND",34.998800000000003,1399.9520000000002]
["2019-02-26","SUMINISTROS","SUMINISTROS ( 6 )","AZ.",10,"SACOS",3505.5780399999999,35055.780399999996]
["2017-04-24","SUMINISTROS","SUMINISTROS ( 6 )","BO",48,"UND",3.7406000000000001,179.5488]
["2017-02-07","SUMINISTROS","SUMINISTROS ( 6 )","BP/E",8,"UND",820.00559999999996,6560.0447999999997]
["2018-03-23","SUMINISTROS","SUMINISTROS ( 6 )","C.2",41,"CAJA",171.01061999999999,7011.4354199999998]
["2018-03-23","SUMINISTROS","SUMINISTROS ( 6 )","C.E 890",3,"UND",325.53845999999999,976.61537999999996]
["2017-04-24","SUMINISTROS","SUMINISTROS ( 6 )","C12X45",36,"UND",20.059999999999999,722.16]
["2019-02-15","SUMINISTROS","SUMINISTROS ( 6 )","CART. HP-94",4,"UND",923.78904999999997,3695.1561999999999]
["2019-02-15","SUMINISTROS","SUMINISTROS ( 6 )","CARTUCHO HP-93",3,"UND",1019.277,3057.8310000000001]
["2019-02-15","SUMINISTROS","SUMINISTROS ( 6 )","CB 1.5",4,"CAJA",134.03399999999999,536.13599999999997]
["2019-02-15","SUMINISTROS","SUMINISTROS ( 6 )","CCF401",3,"UND",2842.502,8527.5059999999994]
["2019-02-15","SUMINISTROS","SUMINISTROS ( 6 )","CCF402",3,"UND",2842.502,8527.5059999999994]
["2019-02-15","SUMINISTROS","SUMINISTROS ( 6 )","CCF403",3,"UND",2872.002,8616.0059999999994]
["2019-02-15","SUMINISTROS","SUMINISTROS ( 6 )","CEPILLO P.",4,"UND",65.997399999999999,263.9896]
["2006-12-31","SUMINISTROS","SUMINISTROS ( 6 )","CHP96",14,"UND",2228.8220000000001,{"$f":"+G325*E325","v":31203.508000000002}]
["2019-02-15","SUMINISTROS","SUMINISTROS ( 6 )","CHP97",10,"UND",2118.6314699999998,21186.314699999999]
["2019-02-15","SUMINISTROS","SUMINISTROS ( 6 )","CINTA OKIDATA -320",1,"UND",440,440]
["2017-02-01","SUMINISTROS","SUMINISTROS ( 6 )","CINTA P/ CALCULADORA",5,"UND",56.002800000000001,280.01400000000001]
["2017-02-01","SUMINISTROS","SUMINISTROS ( 6 )","CUC. DES.",5,"PAQUET",31.99851,159.99254999999999]
["2017-02-07","SUMINISTROS","SUMINISTROS ( 6 )","D",27,"UND",925.80371000000002,24996.70017]
["2017-02-06","SUMINISTROS","SUMINISTROS ( 6 )","DES.",180,"GAL",112.10944000000001,20179.699200000003]
["2017-02-01","SUMINISTROS","SUMINISTROS ( 6 )","ESC.",43,"UND",154.816,6657.0879999999997]
["2017-02-01","SUMINISTROS","SUMINISTROS ( 6 )","F.M.E.",11,"UND",188.8,2076.8000000000002]
["2019-02-26","SUMINISTROS","SUMINISTROS ( 6 )","F30G",43,"PAQUET",295,12685]
["2017-02-01","SUMINISTROS","SUMINISTROS ( 6 )","FOR. ENT.INS. IMP.AG",19,"UND",75,1425]
["2018-02-21","SUMINISTROS","SUMINISTROS ( 6 )","FORMULARIO V. Y M.",22,"UND",35,770]
["2018-02-21","SUMINISTROS","SUMINISTROS ( 6 )","FUND. 55",35,"PAQUET",584.1,20443.5]
["2018-02-21","SUMINISTROS","SUMINISTROS ( 6 )","GG.",5,"PAR",100.005,500.02499999999998]
["2017-02-07","SUMINISTROS","SUMINISTROS ( 6 )","GR26/6",4,"CAJA",44.965789999999998,179.86315999999999]
["2017-02-01","SUMINISTROS","SUMINISTROS ( 6 )","GRAP.",24,"UND",134.99978999999999,3239.99496]
["2018-02-21","SUMINISTROS","SUMINISTROS ( 6 )","GRAPAS 1/4",3,"UNIDAD",108.8,326.39999999999998]
["2017-01-31","SUMINISTROS","SUMINISTROS ( 6 )","GRAPAS 3/8",2,"UNIDAD",254.28570999999999,508.57141999999999]
["2018-03-20","SUMINISTROS","SUMINISTROS ( 6 )","GRAP-STAPLES",3,"UNIDAD",450,1350]
["2019-02-26","SUMINISTROS","SUMINISTROS ( 6 )","GS23/10",9,"CAJA",54.9998,494.9982]
["2019-02-26","SUMINISTROS","SUMINISTROS ( 6 )","LIQUI-001",6,"UND",57.942489999999999,347.65494000000001]
["2019-02-26","SUMINISTROS","SUMINISTROS ( 6 )","LLM",264,"UND",204.82113000000001,54072.778320000005]
["2019-02-26","SUMINISTROS","SUMINISTROS ( 6 )","LR",20,"UND",204.99997999999999,4099.9996000000001]
["2017-01-26","SUMINISTROS","SUMINISTROS ( 6 )","LRP",72,"UND",15.989000000000001,1151.2080000000001]
["2017-02-01","SUMINISTROS","SUMINISTROS ( 6 )","MPP.",28,"UND",39.709310000000002,1111.86068]
["2017-01-31","SUMINISTROS","SUMINISTROS ( 6 )","P.TP/M",308,"UND",156.8407,48306.935599999997]
["2017-09-26","SUMINISTROS","SUMINISTROS ( 6 )","PAPEL J.",386,"UND",56.162140000000001,21678.586040000002]
["2018-03-26","SUMINISTROS","SUMINISTROS ( 6 )","PC4C",12,"CAJA",1581.92085,18983.050199999998]
["2017-02-01","SUMINISTROS","SUMINISTROS ( 6 )","PP/B",124,"UND",40.410139999999998,5010.85736]
["2019-02-26","SUMINISTROS","SUMINISTROS ( 6 )","ROLL",16,"UND",17,272]
["2017-05-08","SUMINISTROS","SUMINISTROS ( 6 )","RTR",2,"UND",84.75,169.5]
["2018-02-21","SUMINISTROS","SUMINISTROS ( 6 )","SM10X15",472,"UNDS",4.6963999999999997,2216.7008000000001]
["2017-01-23","SUMINISTROS","SUMINISTROS ( 6 )","SUM-BRI G.",9,"UND",15.34,{"$f":"+G357*E357","v":138.06}]
["2018-05-11","SUMINISTROS","SUMINISTROS ( 6 )","SUM-CAF",304,"LIBRA",228.74808999999999,69539.41936]
["2017-02-01","SUMINISTROS","SUMINISTROS ( 6 )","SUM-CARP.GRAN.",4,"UND",299.99990000000003,1199.9996000000001]
["2018-05-11","SUMINISTROS","SUMINISTROS ( 6 )","SUM-CART.HP-60 C.",1,"UND",860.38856999999996,860.38856999999996]
["2018-05-11","SUMINISTROS","SUMINISTROS ( 6 )","SUM-CCCH",135,"UND",32.690730000000002,4413.2485500000003]
["2017-01-26","SUMINISTROS","SUMINISTROS ( 6 )","SUM-CEPIPLAS",7,"UND",112.97320000000001,790.81240000000003]
["2019-02-26","SUMINISTROS","SUMINISTROS ( 6 )","SUM-CH",6,"UNIDAD",50,300]
["2018-03-23","SUMINISTROS","SUMINISTROS ( 6 )","SUM-CLIP MAR.",32,"CAJA",150,4800]
["2017-01-26","SUMINISTROS","SUMINISTROS ( 6 )","SUM-CLO",154,"GAL",102.88889,15844.889060000001]
["2019-02-26","SUMINISTROS","SUMINISTROS ( 6 )","SUM-ETF",11,"UND",89.3142,982.45619999999997]
["2019-02-26","SUMINISTROS","SUMINISTROS ( 6 )","SUM-FAR",8,"UND",88.5,708]
["2019-02-26","SUMINISTROS","SUMINISTROS ( 6 )","SUM-FELN",12,"UND",35.4,424.79999999999995]
["2018-03-23","SUMINISTROS","SUMINISTROS ( 6 )","SUM-FGD",67,"UND",12.012449999999999,804.83414999999991]
["2018-03-23","SUMINISTROS","SUMINISTROS ( 6 )","SUM-FINANC",133,"UND",44.730730000000001,5949.1870900000004]
["2019-02-26","SUMINISTROS","SUMINISTROS ( 6 )","SUM-FOL11",7,"UND",3.2450000000000001,22.715]
["2018-03-23","SUMINISTROS","SUMINISTROS ( 6 )","SUM-FOL14",914,"UND",4.0596800000000002,3710.5475200000001]
["2019-02-26","SUMINISTROS","SUMINISTROS ( 6 )","SUM-FUN17",38,"PAQUET",98.542550000000006,3744.6169]
["2017-02-01","SUMINISTROS","SUMINISTROS ( 6 )","SUM-GMH",16,"UNIDAD",68.877290000000002,1102.03664]
["2006-12-31","SUMINISTROS","SUMINISTROS ( 6 )","SUM-GOM",6,"CAJA",29.9956,179.9736]
["2006-12-31","SUMINISTROS","SUMINISTROS ( 6 )","SUM-JB. AZ.",139,"UND",35.444850000000002,4926.8341500000006]
["2017-01-26","SUMINISTROS","SUMINISTROS ( 6 )","SUM-LAP.N.",326,"UND",10.17084,3315.6938399999999]
["2017-01-26","SUMINISTROS","SUMINISTROS ( 6 )","SUM-LAPIRO",13,"UND",7.73224,100.51912]
["2019-02-26","SUMINISTROS","SUMINISTROS ( 6 )","SUM-LBRY",72,"UND",26.999700000000001,1943.9784]
["2018-03-23","SUMINISTROS","SUMINISTROS ( 6 )","SUM-LCAR",280,"UND",12.722329999999999,3562.2523999999999]
["2019-02-26","SUMINISTROS","SUMINISTROS ( 6 )","SUM-PER",12,"UND",214.99600000000001,2579.9520000000002]
["2018-03-23","SUMINISTROS","SUMINISTROS ( 6 )","SUM-POC",25,"UND",30.55893,763.97325000000001]
["2018-03-23","SUMINISTROS","SUMINISTROS ( 6 )","SUM-RECBA",12,"UND",115.97432999999999,1391.6919599999999]
["2018-03-23","SUMINISTROS","SUMINISTROS ( 6 )","SUM-RPT",2,"RESMA",2137.4857099999999,4274.9714199999999]
["2018-03-23","SUMINISTROS","SUMINISTROS ( 6 )","SUM-RPX14",23,"RESMA",250.75,5767.25]
["2018-03-23","SUMINISTROS","SUMINISTROS ( 6 )","SUM-SER",67,"PAQUET",99.307940000000002,6653.6319800000001]
["2018-03-23","SUMINISTROS","SUMINISTROS ( 6 )","SUM-SM",476,"UND",2.36,1123.3599999999999]
["2017-01-26","SUMINISTROS","SUMINISTROS ( 6 )","SUM-SO",539,"UND",1.6230100000000001,874.80239000000006]
["2017-01-26","SUMINISTROS","SUMINISTROS ( 6 )","SUM-STIM",799,"UND",10.2424,{"$f":"+G389*E389","v":8183.6776}]
["2017-01-26","SUMINISTROS","SUMINISTROS ( 6 )","SUM-SUAP",23,"UND",166.99668,3840.92364]
["2017-01-26","SUMINISTROS","SUMINISTROS ( 6 )","SUM-TAL.ORD. DESP.",241,"UND",200.59612000000001,48343.664920000003]
["2017-01-26","SUMINISTROS","SUMINISTROS ( 6 )","SUM-TALEM",232,"UND",57.3232,13298.982400000001]
["2017-01-26","SUMINISTROS","SUMINISTROS ( 6 )","SUM-TBLL",34,"UND",85.337599999999995,2901.4784]
["2017-01-26","SUMINISTROS","SUMINISTROS ( 6 )","SUM-TCR",76,"UND",53.398060000000001,4058.2525599999999]
["2017-01-26","SUMINISTROS","SUMINISTROS ( 6 )","SUM-TCS",63,"UND",72.55753,4571.1243899999999]
["2017-01-26","SUMINISTROS","SUMINISTROS ( 6 )","SUM-TIJ",53,"UNIDAD",34.998800000000003,1854.9364]
["2017-01-26","SUMINISTROS","SUMINISTROS ( 6 )","SUM-TLCAGR",81,"UND",218.81944999999999,17724.37545]
["2017-01-26","SUMINISTROS","SUMINISTROS ( 6 )","SUM-TRP",43,"UND",133.95359999999999,5760.0047999999997]
["2017-01-26","SUMINISTROS","SUMINISTROS ( 6 )","SUM-VAS",142,"PAQUET",83.78,11896.76]
["2017-01-26","SUMINISTROS","SUMINISTROS ( 6 )","T,MAG.",4,"UND",413,1652]
["2017-01-26","SUMINISTROS","SUMINISTROS ( 6 )","T.5001",4,"UND",413,1652]
["2017-01-26","SUMINISTROS","SUMINISTROS ( 6 )","T.BT.",5,"UND",590,2950]
["2017-01-26","SUMINISTROS","SUMINISTROS ( 6 )","T.Y,",4,"UND",413,1652]
["2019-02-15","SUMINISTROS","SUMINISTROS ( 6 )","TA",2,"POTE",38,76]
["2019-02-15","SUMINISTROS","SUMINISTROS ( 6 )","TALON.PERS.NOM.",4,"UND",95,380]
["2017-01-26","SUMINISTROS","SUMINISTROS ( 6 )","TALONARIO SOL. C.C.",53,"UND",32.690759999999997,1732.6102799999999]
["2019-02-15","SUMINISTROS","SUMINISTROS ( 6 )","TB,.",3,"UND",649,1947]
["2019-02-15","SUMINISTROS","SUMINISTROS ( 6 )","TB.",5,"UND",590,2950]
["2019-02-15","SUMINISTROS","SUMINISTROS ( 6 )","TB664",4,"UND",590,2360]
["2019-02-15","SUMINISTROS","SUMINISTROS ( 6 )","TCVP",46,"UND",55,2530]
["2019-02-15","SUMINISTROS","SUMINISTROS ( 6 )","TE504C",12,"UND",627.79706999999996,7533.5648399999991]
["2019-02-15","SUMINISTROS","SUMINISTROS ( 6 )","TE504M",9,"UND",563.74067000000002,5073.6660300000003]
["2019-02-15","SUMINISTROS","SUMINISTROS ( 6 )","TE504Y",14,"UND",561.38959999999997,7859.4543999999996]
["2019-02-15","SUMINISTROS","SUMINISTROS ( 6 )","TEL200C",4,"UND",615.00419999999997,2460.0167999999999]
["2019-02-15","SUMINISTROS","SUMINISTROS ( 6 )","TEL200M",5,"UND",615.00419999999997,3075.0209999999997]
["2019-02-15","SUMINISTROS","SUMINISTROS ( 6 )","TEL200Y",4,"UND",615.00419999999997,2460.0167999999999]
["2019-02-15","SUMINISTROS","SUMINISTROS ( 6 )","TODC.",126,"UND",74.2,9349.2000000000007]
["2019-02-15","SUMINISTROS","SUMINISTROS ( 6 )","TP/C",15,"UND",116.0217,1740.3254999999999]
["2019-02-15","SUMINISTROS","SUMINISTROS ( 6 )","TRCA",1,"UND",300.00319999999999,300.00319999999999]
["2019-02-15","SUMINISTROS","SUMINISTROS ( 6 )","TRCA,",1,"UND",300.00319999999999,300.00319999999999]
["2019-02-15","SUMINISTROS","SUMINISTROS ( 6 )","TRCR",2,"UND",300.00319999999999,{"$f":"+G421*E421","v":600.00639999999999}]
["2019-02-15","SUMINISTROS","SUMINISTROS ( 6 )","VASOS #7",102,"PAQUET",74.235950000000003,7572.0668999999998]
["2019-02-15","SUMINISTROS","SUMINISTROS ( 6 )","VN5",57,"PAQUET",92.877799999999993,5294.0346]
["TOTAL",null,null,null,null,null,null,{"$f":"SUM(H293:H423)","v":852051.35187999997}]